[Event "Pobeskydi 2026"]
[Site "Frydek-Mistek, Czech Republic"]
[Date "2026.04.03"]
[Round "3.8"]
[White "Lichorad, Mateusz"]
[Black "Kovacik, Oliver"]
[Result "1-0"]
[TimeControl "90 min+30s/move"]
[WhiteTitle "-"]
[BlackTitle "-"]
[WhiteFideId "21817693"]
[BlackFideId "2321963"]
[WhiteElo "2039"]
[BlackElo "1969"]

1. e4 {[%clk 01:30:58]} {[%emt 00:00:02]} c6 {[%clk 01:30:56]} {[%emt
00:00:05]} 2. d4 {[%clk 01:31:23]} {[%emt 00:00:04]} d5 {[%clk 01:31:22]}
{[%emt 00:00:04]} 3. e5 {[%clk 01:31:49]} {[%emt 00:00:04]} Bf5 {[%clk
01:31:41]} {[%emt 00:00:11]} 4. h4 {[%clk 01:32:11]} {[%emt 00:00:08]} h5
{[%clk 01:32:06]} {[%emt 00:00:05]} 5. Bd3 {[%clk 01:32:37]} {[%emt 00:00:04]}
Bxd3 {[%clk 01:32:30]} {[%emt 00:00:07]} 6. Qxd3 {[%clk 01:33:05]} {[%emt
00:00:02]} e6 {[%clk 01:32:51]} {[%emt 00:00:09]} 7. Nf3 {[%clk 01:33:31]}
{[%emt 00:00:03]} c5 {[%clk 01:33:17]} {[%emt 00:00:05]} 8. dxc5 {[%clk
01:33:55]} {[%emt 00:00:06]} Bxc5 {[%clk 01:33:39]} {[%emt 00:00:08]} 9. c4
{[%clk 01:33:41]} {[%emt 00:00:44]} Ne7 {[%clk 01:31:05]} {[%emt 00:03:04]} 10.
O-O {[%clk 01:31:16]} {[%emt 00:02:54]} Nbc6 {[%clk 01:31:00]} {[%emt
00:00:36]} 11. Nc3 {[%clk 01:23:31]} {[%emt 00:08:15]} Nb4 {[%clk 01:27:17]}
{[%emt 00:04:13]} 12. Qe2 {[%clk 01:23:46]} {[%emt 00:00:15]} dxc4 {[%clk
01:22:47]} {[%emt 00:05:00]} 13. Qxc4 {[%clk 01:23:03]} {[%emt 00:01:13]} Qc7
{[%clk 01:22:23]} {[%emt 00:00:54]} 14. Be3 {[%clk 01:20:51]} {[%emt 00:02:42]}
Rc8 {[%clk 01:17:12]} {[%emt 00:05:42]} 15. Qb5+ {[%clk 01:16:11]} {[%emt
00:05:09]} Kf8 {[%clk 01:15:17]} {[%emt 00:02:26]} 16. Bxc5 {[%clk 01:16:04]}
{[%emt 00:00:36]} Qxc5 {[%clk 01:15:42]} {[%emt 00:00:06]} 17. Qxb7 {[%clk
01:14:56]} {[%emt 00:01:38]} Nd3 {[%clk 01:13:35]} {[%emt 00:02:37]} 18. Rad1
{[%clk 01:01:48]} {[%emt 00:13:37]} Nxe5 {[%clk 01:11:51]} {[%emt 00:02:14]} 19.
Nxe5 {[%clk 01:02:11]} {[%emt 00:00:07]} Qxe5 {[%clk 01:12:19]} {[%emt
00:00:02]} 20. Rd7 {[%clk 01:02:26]} {[%emt 00:00:15]} Re8 {[%clk 01:10:51]}
{[%emt 00:01:59]} 21. Rfd1 {[%clk 01:01:36]} {[%emt 00:01:19]} g6 {[%clk
01:07:51]} {[%emt 00:03:31]} 22. Qxa7 {[%clk 00:56:43]} {[%emt 00:05:23]} Qf4
{[%clk 01:00:50]} {[%emt 00:07:30]} 23. g3 {[%clk 00:52:50]} {[%emt 00:04:24]}
Qe5 {[%clk 00:57:57]} {[%emt 00:03:23]} 24. Rb7 {[%clk 00:49:17]} {[%emt
00:04:02]} f5 {[%clk 00:57:00]} {[%emt 00:01:27]} 25. Qd4 {[%clk 00:41:57]}
{[%emt 00:07:50]} Qxd4 {[%clk 00:56:43]} {[%emt 00:00:47]} 26. Rxd4 {[%clk
00:42:25]} {[%emt 00:00:02]} Kf7 {[%clk 00:56:10]} {[%emt 00:01:02]} 27. Rdd7
{[%clk 00:41:04]} {[%emt 00:01:52]} Kf6 {[%clk 00:56:23]} {[%emt 00:00:17]} 28.
a4 {[%clk 00:38:41]} {[%emt 00:02:53]} Nc6 {[%clk 00:55:57]} {[%emt 00:00:53]}
29. Rf7+ {[%clk 00:37:27]} {[%emt 00:01:46]} Ke5 {[%clk 00:56:22]} {[%emt
00:00:06]} 30. Rbd7 {[%clk 00:37:39]} {[%emt 00:00:18]} 1-0

[Event "Pobeskydi 2026"]
[Site "Frydek-Mistek, Czech Republic"]
[Date "2026.04.03"]
[Round "3.9"]
[White "Szumiec, Jan"]
[Black "Kendall, Arthur"]
[Result "1/2-1/2"]
[TimeControl "90 min+30s/move"]
[WhiteTitle "-"]
[BlackTitle "-"]
[WhiteFideId "41815661"]
[BlackFideId "343410960"]
[WhiteElo "1826"]
[BlackElo "2032"]

1. e4 {[%clk 01:30:54]} {[%emt 00:00:04]} e6 {[%clk 01:28:44]} {[%emt
00:02:17]} 2. d4 {[%clk 01:31:17]} {[%emt 00:00:07]} d5 {[%clk 01:29:05]}
{[%emt 00:00:09]} 3. Nc3 {[%clk 01:31:38]} {[%emt 00:00:09]} Nf6 {[%clk
01:29:25]} {[%emt 00:00:08]} 4. e5 {[%clk 01:32:00]} {[%emt 00:00:09]} Nfd7
{[%clk 01:29:49]} {[%emt 00:00:06]} 5. f4 {[%clk 01:32:09]} {[%emt 00:00:21]}
c5 {[%clk 01:30:17]} {[%emt 00:00:03]} 6. Nf3 {[%clk 01:32:27]} {[%emt
00:00:11]} Nc6 {[%clk 01:30:31]} {[%emt 00:00:17]} 7. Be3 {[%clk 01:32:39]}
{[%emt 00:00:18]} cxd4 {[%clk 01:30:32]} {[%emt 00:00:30]} 8. Nxd4 {[%clk
01:27:43]} {[%emt 00:05:27]} Qb6 {[%clk 01:30:58]} {[%emt 00:00:03]} 9. Qd2
{[%clk 01:21:41]} {[%emt 00:06:32]} Qxb2 {[%clk 01:30:47]} {[%emt 00:00:41]} 10.
Rb1 {[%clk 01:19:21]} {[%emt 00:02:50]} Qa3 {[%clk 01:31:09]} {[%emt 00:00:08]}
11. Bb5 {[%clk 01:11:45]} {[%emt 00:08:06]} Nxd4 {[%clk 01:30:44]} {[%emt
00:00:54]} 12. Bxd4 {[%clk 01:09:55]} {[%emt 00:02:21]} a6 {[%clk 01:30:34]}
{[%emt 00:00:40]} 13. Bxd7+ {[%clk 01:08:06]} {[%emt 00:02:18]} Bxd7 {[%clk
01:31:00]} {[%emt 00:00:06]} 14. Rb3 {[%clk 01:07:18]} {[%emt 00:01:18]} Qe7
{[%clk 01:30:25]} {[%emt 00:01:03]} 15. Rxb7 {[%clk 01:06:42]} {[%emt
00:01:07]} Qh4+ {[%clk 01:30:33]} {[%emt 00:00:21]} 16. Qf2 {[%clk 01:04:41]}
{[%emt 00:02:32]} Qxf2+ {[%clk 01:30:40]} {[%emt 00:00:23]} 17. Kxf2 {[%clk
01:03:10]} {[%emt 00:02:01]} Be7 {[%clk 01:27:51]} {[%emt 00:03:18]} 18. Rhb1
{[%clk 01:00:06]} {[%emt 00:03:34]} Bd8 {[%clk 01:27:21]} {[%emt 00:01:00]} 19.
Rb8 {[%clk 00:45:10]} {[%emt 00:15:27]} Rxb8 {[%clk 01:27:45]} {[%emt
00:00:05]} 20. Rxb8 {[%clk 00:45:19]} {[%emt 00:00:21]} O-O {[%clk 01:27:12]}
{[%emt 00:01:03]} 21. Ke3 {[%clk 00:44:20]} {[%emt 00:01:30]} g5 {[%clk
01:05:48]} {[%emt 00:21:53]} 22. f5 {[%clk 00:39:50]} {[%emt 00:05:01]} Ba5
{[%clk 01:00:38]} {[%emt 00:05:39]} 23. Rxf8+ {[%clk 00:38:42]} {[%emt
00:01:38]} Kxf8 {[%clk 01:01:05]} {[%emt 00:00:04]} 24. f6 {[%clk 00:38:37]}
{[%emt 00:00:35]} Kg8 {[%clk 00:50:15]} {[%emt 00:11:18]} 25. g4 {[%clk
00:34:24]} {[%emt 00:04:44]} h6 {[%clk 00:42:07]} {[%emt 00:08:38]} 26. a3
{[%clk 00:31:58]} {[%emt 00:02:58]} Kh7 {[%clk 00:37:26]} {[%emt 00:05:09]} 27.
Ke2 {[%clk 00:18:24]} {[%emt 00:14:05]} Kg6 {[%clk 00:35:49]} {[%emt 00:02:06]}
28. Ke3 {[%clk 00:18:09]} {[%emt 00:00:46]} h5 {[%clk 00:28:24]} {[%emt
00:07:54]} 29. h3 {[%clk 00:18:05]} {[%emt 00:00:34]} h4 {[%clk 00:21:39]}
{[%emt 00:07:15]} 30. Ke2 {[%clk 00:17:57]} {[%emt 00:00:36]} Be8 {[%clk
00:20:48]} {[%emt 00:01:23]} 31. Kd1 {[%clk 00:17:12]} {[%emt 00:01:16]} Bxc3
{[%clk 00:15:00]} {[%emt 00:06:18]} 32. Bxc3 {[%clk 00:17:38]} {[%emt
00:00:05]} d4 {[%clk 00:14:03]} {[%emt 00:01:27]} 33. Bxd4 {[%clk 00:15:49]}
{[%emt 00:02:18]} Bc6 {[%clk 00:14:31]} {[%emt 00:00:02]} 34. Ke2 {[%clk
00:09:22]} {[%emt 00:06:56]} Bg2 {[%clk 00:14:57]} {[%emt 00:00:04]} 35. c4
{[%clk 00:09:21]} {[%emt 00:00:31]} Bxh3 {[%clk 00:14:51]} {[%emt 00:00:36]} 36.
Kf3 {[%clk 00:09:41]} {[%emt 00:00:11]} Bf1 {[%clk 00:14:24]} {[%emt 00:00:57]}
37. c5 {[%clk 00:10:01]} {[%emt 00:00:11]} Bb5 {[%clk 00:14:40]} {[%emt
00:00:12]} 38. Kg2 {[%clk 00:10:10]} {[%emt 00:00:22]} Bc6+ {[%clk 00:14:38]}
{[%emt 00:00:33]} 39. Kh3 {[%clk 00:10:29]} {[%emt 00:00:10]} Bf3 {[%clk
00:14:55]} {[%emt 00:00:13]} 40. Be3 {[%clk 00:10:34]} {[%emt 00:00:25]}
1/2-1/2

[Event "Pobeskydi 2026"]
[Site "Frydek-Mistek, Czech Republic"]
[Date "2026.04.03"]
[Round "3.10"]
[White "Ocelak, David"]
[Black "Lee, Yuk Hei"]
[Result "1-0"]
[TimeControl "90 min+30s/move"]
[WhiteTitle "-"]
[BlackTitle "-"]
[WhiteFideId "23728795"]
[BlackFideId "343411061"]
[WhiteElo "2009"]
[BlackElo "1960"]

1. e4 {[%clk 01:30:40]} {[%emt 00:00:19]} c5 {[%clk 01:29:33]} {[%emt
00:01:22]} 2. d4 {[%clk 01:30:43]} {[%emt 00:00:32]} cxd4 {[%clk 01:29:49]}
{[%emt 00:00:15]} 3. Qxd4 {[%clk 01:31:05]} {[%emt 00:00:08]} Nc6 {[%clk
01:30:15]} {[%emt 00:00:05]} 4. Qd3 {[%clk 01:31:23]} {[%emt 00:00:11]} Nf6
{[%clk 01:29:59]} {[%emt 00:00:46]} 5. Nc3 {[%clk 01:31:31]} {[%emt 00:00:21]}
e6 {[%clk 01:25:42]} {[%emt 00:04:47]} 6. Bf4 {[%clk 01:31:18]} {[%emt
00:00:43]} e5 {[%clk 01:20:05]} {[%emt 00:06:08]} 7. Bg5 {[%clk 01:26:55]}
{[%emt 00:04:52]} d6 {[%clk 01:15:28]} {[%emt 00:05:08]} 8. a3 {[%clk
01:18:11]} {[%emt 00:09:14]} Be7 {[%clk 01:10:27]} {[%emt 00:05:31]} 9. Bxf6
{[%clk 01:17:51]} {[%emt 00:00:50]} gxf6 {[%clk 01:10:31]} {[%emt 00:00:27]} 10.
O-O-O {[%clk 01:16:12]} {[%emt 00:02:07]} a6 {[%clk 01:05:09]} {[%emt
00:05:52]} 11. Nd5 {[%clk 01:10:44]} {[%emt 00:05:58]} Be6 {[%clk 01:02:01]}
{[%emt 00:03:39]} 12. Ne2 {[%clk 01:07:19]} {[%emt 00:03:54]} Bxd5 {[%clk
00:58:59]} {[%emt 00:03:33]} 13. Qxd5 {[%clk 01:07:22]} {[%emt 00:00:27]} Rc8
{[%clk 00:59:24]} {[%emt 00:00:06]} 14. Ng3 {[%clk 01:05:29]} {[%emt 00:02:22]}
Nd4 {[%clk 00:57:05]} {[%emt 00:02:49]} 15. Rxd4 {[%clk 01:04:29]} {[%emt
00:01:29]} exd4 {[%clk 00:56:56]} {[%emt 00:00:40]} 16. Bc4 {[%clk 01:04:42]}
{[%emt 00:00:16]} O-O {[%clk 00:50:06]} {[%emt 00:07:21]} 17. Nf5 {[%clk
00:58:04]} {[%emt 00:07:07]} Qd7 {[%clk 00:48:34]} {[%emt 00:02:03]} 18. Qxd4
{[%clk 00:55:18]} {[%emt 00:03:15]} Rc5 {[%clk 00:47:27]} {[%emt 00:01:37]} 19.
Bd5 {[%clk 00:51:30]} {[%emt 00:04:18]} Rfc8 {[%clk 00:41:08]} {[%emt
00:06:49]} 20. c3 {[%clk 00:50:20]} {[%emt 00:01:40]} b5 {[%clk 00:39:32]}
{[%emt 00:02:07]} 21. Qd2 {[%clk 00:46:32]} {[%emt 00:04:18]} Bf8 {[%clk
00:38:46]} {[%emt 00:01:16]} 22. h4 {[%clk 00:45:27]} {[%emt 00:01:35]} Kh8
{[%clk 00:28:45]} {[%emt 00:10:31]} 23. Rh3 {[%clk 00:33:40]} {[%emt 00:12:16]}
Bg7 {[%clk 00:28:02]} {[%emt 00:01:15]} 24. Rg3 {[%clk 00:32:28]} {[%emt
00:01:41]} Rg8 {[%clk 00:28:01]} {[%emt 00:00:31]} 25. Qd4 {[%clk 00:28:45]}
{[%emt 00:04:13]} Rxd5 {[%clk 00:21:31]} {[%emt 00:07:01]} 26. Qxd5 {[%clk
00:28:28]} {[%emt 00:00:46]} Bf8 {[%clk 00:21:55]} {[%emt 00:00:06]} 27. Rxg8+
{[%clk 00:25:10]} {[%emt 00:03:47]} Kxg8 {[%clk 00:22:19]} {[%emt 00:00:06]} 28.
h5 {[%clk 00:24:22]} {[%emt 00:01:17]} Qe6 {[%clk 00:20:50]} {[%emt 00:02:01]}
29. f4 {[%clk 00:22:47]} {[%emt 00:02:04]} Qd7 {[%clk 00:19:58]} {[%emt
00:01:23]} 30. g4 {[%clk 00:22:47]} {[%emt 00:00:29]} Qd8 {[%clk 00:17:28]}
{[%emt 00:03:01]} 31. Qc6 {[%clk 00:20:50]} {[%emt 00:02:27]} Qb8 {[%clk
00:15:13]} {[%emt 00:02:44]} 32. Qd5 {[%clk 00:14:16]} {[%emt 00:07:04]} Qc7
{[%clk 00:10:53]} {[%emt 00:04:51]} 33. Kc2 {[%clk 00:13:26]} {[%emt 00:01:20]}
Qb6 {[%clk 00:10:33]} {[%emt 00:00:49]} 34. Qd4 {[%clk 00:13:39]} {[%emt
00:00:17]} Qc6 {[%clk 00:09:13]} {[%emt 00:01:51]} 35. Kd3 {[%clk 00:13:19]}
{[%emt 00:00:49]} a5 {[%clk 00:08:07]} {[%emt 00:01:38]} 36. h6 {[%clk
00:12:39]} {[%emt 00:01:07]} b4 {[%clk 00:05:26]} {[%emt 00:03:13]} 37. Qxf6
{[%clk 00:10:35]} {[%emt 00:02:33]} Qa6+ {[%clk 00:05:28]} {[%emt 00:00:30]} 38.
c4 {[%clk 00:10:41]} {[%emt 00:00:23]} Qb7 {[%clk 00:05:52]} {[%emt 00:00:06]}
39. axb4 {[%clk 00:08:57]} {[%emt 00:02:13]} d5 {[%clk 00:05:55]} {[%emt
00:00:28]} 40. exd5 {[%clk 00:08:29]} {[%emt 00:00:58]} Qxb4 {[%clk 00:06:19]}
{[%emt 00:00:06]} 41. Qc3 {[%clk 00:06:49]} {[%emt 00:02:08]} Qc5 {[%clk
00:06:44]} {[%emt 00:00:07]} 42. d6 {[%clk 00:06:57]} {[%emt 00:00:22]} 1-0

[Event "Pobeskydi 2026"]
[Site "Frydek-Mistek, Czech Republic"]
[Date "2026.04.03"]
[Round "3.11"]
[White "Vancakova, Veronika"]
[Black "Durovka, Marek"]
[Result "1/2-1/2"]
[TimeControl "90 min+30s/move"]
[WhiteTitle "-"]
[BlackTitle "-"]
[WhiteFideId "23731907"]
[BlackFideId "14959542"]
[WhiteElo "1937"]
[BlackElo "2054"]

1. d4 {[%clk 01:30:57]} {[%emt 00:00:03]} Nf6 {[%clk 01:30:43]} {[%emt
00:00:08]} 2. c4 {[%clk 01:31:25]} {[%emt 00:00:12]} e6 {[%clk 01:31:03]}
{[%emt 00:00:10]} 3. Nc3 {[%clk 01:31:49]} {[%emt 00:00:06]} Bb4 {[%clk
01:31:19]} {[%emt 00:00:14]} 4. e3 {[%clk 01:32:11]} {[%emt 00:00:08]} O-O
{[%clk 01:31:32]} {[%emt 00:00:16]} 5. Bd3 {[%clk 01:32:03]} {[%emt 00:00:38]}
d5 {[%clk 01:31:20]} {[%emt 00:00:42]} 6. Nf3 {[%clk 01:30:57]} {[%emt
00:01:37]} b6 {[%clk 01:18:11]} {[%emt 00:13:39]} 7. cxd5 {[%clk 01:29:17]}
{[%emt 00:02:10]} exd5 {[%clk 01:16:30]} {[%emt 00:02:11]} 8. O-O {[%clk
01:29:15]} {[%emt 00:00:32]} Bg4 {[%clk 01:08:08]} {[%emt 00:08:52]} 9. a3
{[%clk 01:21:05]} {[%emt 00:08:40]} Bxc3 {[%clk 01:03:16]} {[%emt 00:05:22]} 10.
bxc3 {[%clk 01:21:29]} {[%emt 00:00:06]} Ne4 {[%clk 01:01:18]} {[%emt
00:02:28]} 11. Bb2 {[%clk 01:18:24]} {[%emt 00:03:35]} Qf6 {[%clk 00:53:04]}
{[%emt 00:08:44]} 12. Be2 {[%clk 01:17:30]} {[%emt 00:01:25]} Nc6 {[%clk
00:51:50]} {[%emt 00:01:43]} 13. Qc2 {[%clk 01:06:12]} {[%emt 00:11:48]} Na5
{[%clk 00:29:53]} {[%emt 00:22:28]} 14. Ne5 {[%clk 00:57:49]} {[%emt 00:08:52]}
Bxe2 {[%clk 00:26:29]} {[%emt 00:03:55]} 15. Qxe2 {[%clk 00:58:13]} {[%emt
00:00:05]} Qe6 {[%clk 00:26:45]} {[%emt 00:00:14]} 16. a4 {[%clk 00:52:30]}
{[%emt 00:06:13]} f6 {[%clk 00:26:09]} {[%emt 00:01:06]} 17. Nd3 {[%clk
00:52:36]} {[%emt 00:00:23]} Nc4 {[%clk 00:25:42]} {[%emt 00:00:59]} 18. Qc2
{[%clk 00:45:37]} {[%emt 00:07:28]} c6 {[%clk 00:23:15]} {[%emt 00:02:57]} 19.
Ba3 {[%clk 00:36:53]} {[%emt 00:09:15]} Rfe8 {[%clk 00:23:23]} {[%emt
00:00:22]} 20. Rfe1 {[%clk 00:36:56]} {[%emt 00:00:27]} Qf5 {[%clk 00:10:56]}
{[%emt 00:12:56]} 21. Nb2 {[%clk 00:34:49]} {[%emt 00:02:37]} Nxb2 {[%clk
00:04:27]} {[%emt 00:06:59]} 22. Qxb2 {[%clk 00:33:45]} {[%emt 00:01:34]} Ng5
{[%clk 00:04:27]} {[%emt 00:00:30]} 23. Qe2 {[%clk 00:28:28]} {[%emt 00:05:47]}
Qg6 {[%clk 00:03:56]} {[%emt 00:01:02]} 24. Kh1 {[%clk 00:28:11]} {[%emt
00:00:47]} h5 {[%clk 00:03:11]} {[%emt 00:01:14]} 25. c4 {[%clk 00:25:09]}
{[%emt 00:03:32]} h4 {[%clk 00:02:28]} {[%emt 00:01:14]} 26. h3 {[%clk
00:23:03]} {[%emt 00:02:36]} Ne4 {[%clk 00:00:45]} {[%emt 00:02:12]} 27. cxd5
{[%clk 00:22:16]} {[%emt 00:01:18]} cxd5 {[%clk 00:01:07]} {[%emt 00:00:08]} 28.
Rac1 {[%clk 00:20:32]} {[%emt 00:02:13]} Rac8 {[%clk 00:00:35]} {[%emt
00:01:03]} 29. Kg1 {[%clk 00:13:32]} {[%emt 00:07:29]} Qf5 {[%clk 00:00:43]}
{[%emt 00:00:22]} 30. Qb2 {[%clk 00:07:34]} {[%emt 00:06:27]} Ng5 {[%clk
00:00:47]} {[%emt 00:00:27]} 31. Kh2 {[%clk 00:07:23]} {[%emt 00:00:41]}
1/2-1/2

[Event "Pobeskydi 2026"]
[Site "?"]
[Date "2026.04.03"]
[Round "3.12"]
[White "Skorupa, Tobias"]
[Black "Gresek, Oskar"]
[Result "1/2-1/2"]
[WhiteElo "1859"]
[BlackElo "1995"]
[WhiteFideId "-1"]
[BlackFideId "-1"]
[PlyCount "43"]
[GameId "2294789411127783"]
[EventDate "2026.04.02"]

1. d4 Nf6 2. c4 e6 3. Nf3 b6 4. g3 Ba6 5. Qc2 c5 6. Bg2 Nc6 7. dxc5 Bxc5 8. a3 Rc8 9. O-O Bb7 10. Rd1 a5 11. Nc3 O-O 12. Bf4 Qe7 13. Na4 d5 14. Nxc5 bxc5 15. cxd5 exd5 16. Bg5 Rfd8 17. Bxf6 Qxf6 18. Qxc5 Qxb2 19. Rab1 Qxe2 20. Rxd5 Rxd5 21. Qxd5 Rd8 22. Re1 1/2-1/2

[Event "Pobeskydi 2026"]
[Site "?"]
[Date "2026.04.03"]
[Round "3.13"]
[White "Hlavacek, Pavel"]
[Black "Sulcova, Tereza Radmila"]
[Result "1-0"]
[WhiteElo "1982"]
[BlackElo "1919"]
[WhiteFideId "-1"]
[BlackFideId "-1"]
[PlyCount "93"]
[GameId "2294785847599492"]
[EventDate "2026.04.02"]

1. d4 e6 2. c4 Bb4+ 3. Nc3 Bxc3+ 4. bxc3 f5 5. Nf3 b6 6. g3 Bb7 7. Bg2 Nf6 8. O-O O-O 9. Ba3 d6 10. d5 e5 11. Ng5 Qe7 12. Ne6 Rc8 13. Qd2 Ba6 14. c5 bxc5 15. Nxc5 dxc5 16. d6 Qxd6 17. Qxd6 cxd6 18. Bxa8 Bxe2 19. Rfe1 Bd3 20. Bg2 Nbd7 21. Rad1 e4 22. c4 Ne5 23. Bb2 Nfd7 24. Ba1 Nxc4 25. Rxd3 exd3 26. Bd5+ Kf8 27. Bxc4 Ne5 28. Bxe5 dxe5 29. Bxd3 e4 30. Bc2 Rd8 31. Rd1 Rxd1+ 32. Bxd1 c4 33. Kf1 Ke7 34. Ke2 Kd6 35. Kd2 g5 36. Kc3 Kd5 37. Be2 f4 38. Bxc4+ Ke5 39. Bf1 h5 40. h3 g4 41. h4 e3 42. fxe3 fxg3 43. Kd3 a5 44. a4 g2 45. Bxg2 Kf5 46. Kd4 g3 47. Bf3 1-0

[Event "Pobeskydi 2026"]
[Site "?"]
[Date "2026.04.03"]
[Round "3.14"]
[White "Shah, Samuel"]
[Black "Ciupka, Kamil"]
[Result "0-1"]
[WhiteElo "1869"]
[BlackElo "1981"]
[WhiteFideId "-1"]
[BlackFideId "-1"]
[PlyCount "56"]
[GameId "2294788347118044"]
[EventDate "2026.04.02"]

1. e4 e6 2. d4 d5 3. exd5 exd5 4. Bd3 Bd6 5. Ne2 Qf6 6. O-O Ne7 7. c3 Nbc6 8. Nd2 g5 9. Re1 Be6 10. b4 Ng6 11. Ng3 Nf4 12. Nh5 Qh6 13. Nxf4 gxf4 14. Qg4 Ne7 15. Qf3 Rg8 16. g3 Qh4 17. Nf1 O-O-O 18. Re5 Bxe5 19. dxe5 fxg3 20. fxg3 Qg4 21. Qf6 Nc6 22. Ne3 Qg7 23. Qxg7 Rxg7 24. Bb2 Nxe5 25. c4 d4 26. Bf5 Rg5 27. Bxe6+ fxe6 28. Ng2 Nxc4 0-1

[Event "Pobeskydi 2026"]
[Site "?"]
[Date "2026.04.03"]
[Round "3.15"]
[White "Zidek, Damian"]
[Black "Lorenc, Matej"]
[Result "1/2-1/2"]
[WhiteElo "1962"]
[BlackElo "1858"]
[WhiteFideId "-1"]
[BlackFideId "-1"]
[PlyCount "50"]
[GameId "2294787765027281"]
[EventDate "2026.04.02"]

1. d4 Nf6 2. c4 e6 3. Nc3 Bb4 4. f3 d5 5. a3 Bxc3+ 6. bxc3 O-O 7. cxd5 exd5 8. e3 Re8 9. Bd3 c5 10. Ne2 Nc6 11. O-O Qe7 12. Qc2 c4 13. Bf5 Na5 14. Bxc8 Raxc8 15. Re1 Nb3 16. Ra2 Qd6 17. Ng3 Qc6 18. Qb1 Re6 19. Rae2 Rce8 20. Qc2 g6 21. Bb2 h5 22. Nh1 Qd6 23. Nf2 R6e7 24. Bc1 Qc6 25. Bb2 Qd6 1/2-1/2

[ePGN "0.1;DGT LiveChess/2.2.9"]